| 000 | 01531nam a2200313 a 4500 | ||
|---|---|---|---|
| 001 | 15032224 | ||
| 008 | 120625s2007 ||||||||||||||||| || u | ||
| 010 | _a2007280642 | ||
| 020 | _a9780521874588 (hbk.) | ||
| 020 | _a0521874580 (hbk.) | ||
| 020 | _a9780521697477 (pbk.) | ||
| 020 | _a0521697476 (pbk.) | ||
| 050 | _aR 724 Man | ||
| 100 | _aO'Neill, Onora, 1941- | ||
| 245 | 1 | 0 |
_aRethinking informed consent in bioethics _cNeil C. Manson and Onora O'Neill |
| 260 |
_aCambridge _bCambridge University Press _c2007 |
||
| 300 | _axiv, 212 p. | ||
| 350 | _a0.00 | ||
| 500 | _aBibliography | ||
| 505 | _aConsent : Nuremberg, Helsinki and beyond -- Information and communication : the drift from agency -- Informing and communicating : back to agency -- How to rethink informed consent -- Informational privacy and data protection -- Genetic information and genetic exceptionalism -- Trust, accountability and transparency -- Some conclusions and proposals. | ||
| 650 | 0 | _aBIOETHICS | |
| 650 | 0 | _aINFORMED CONSENT (MEDICAL LAW) | |
| 650 | 0 | _aMEDICINE--RESEARCH--MORAL AND ETHICAL ASPECTS | |
| 700 | _aManson, Neil C | ||
| 856 | _uhttp://www.loc.gov/catdir/enhancements/fy0803/2007280642-t.html | ||
| 856 | _uhttp://www.loc.gov/catdir/enhancements/fy0803/2007280642-b.html | ||
| 856 | _uhttp://www.loc.gov/catdir/enhancements/fy0803/2007280642-d.html | ||
| 995 |
_FCBU-MAIN LIBRARY (Kitwe) _I0.00 _M1 _UAVAILABLE _WSep 25, 2012 _ZAnnex Low-Usage Collection |
||
| 999 |
_c56437 _d56437 |
||